Violencia y juventud en América Latina /
Se analiza el problema de la juventud y la violencia. A partir de investigaciones y estadísticas oficiales se examina la situación de los jóvenes como víctimas y victimarios, en comparación con los adultos. Hay una tendencia significativa de los jóvenes a ser más violentos en sus normas, actitudes y...
Guardat en:
| Autor principal: | |
|---|---|
| Format: | Text |
| Matèries: | |
| Etiquetes: |
Afegir etiqueta
Sense etiquetes, Sigues el primer a etiquetar aquest registre!
|
MARC
| LEADER | 00000 a a2200000 04500 | ||
|---|---|---|---|
| 001 | 10624 | ||
| 003 | |||
| 040 | |||
| 100 | |a Fournier Facio, Marco Vinicio | ||
| 245 | |a Violencia y juventud en América Latina / |c aMarco Vinicio Fournier Facio | ||
| 520 | |a Se analiza el problema de la juventud y la violencia. A partir de investigaciones y estadísticas oficiales se examina la situación de los jóvenes como víctimas y victimarios, en comparación con los adultos. Hay una tendencia significativa de los jóvenes a ser más violentos en sus normas, actitudes y conductas, pero también a ser víctimas primordiales de esta misma violencia, así como de las condiciones de inequidad del ordenamiento social, cultural y económico vigente. Hacia un primer intento de explicación de este fenómeno, se describe brevemente el contexto sociocultural actual y su relación con la violencia, dentro del que se estudia el proceso de desarrollo de nuestros jóvenes. REV/SCM | ||
| 650 | |a JUVENTUD | ||
| 650 | |a VIOLENCIA | ||
| 650 | |a PROBLEMAS SOCIALES | ||
| 773 | |g número 167; páginas 147-156 | ||
| 999 | |c 28758 |d 28758 | ||
